Docentes y piqueteros : (Record no. 10911)

MARC details
000 -LEADER
fixed length control field 01650nam a22002057a 4500
008 - FIXED-LENGTH DATA ELEMENTS--GENERAL INFORMATION
fixed length control field 250408b ||||| |||| 00| 0 spa d
020 ## - INTERNATIONAL STANDARD BOOK NUMBER
International Standard Book Number 987-90035-29-1
040 ## - CATALOGING SOURCE
Original cataloging agency AR-FvUNAJ
Modifying agency AR-FvUNAJ
Description conventions aacr2
082 14 - DEWEY DECIMAL CLASSIFICATION NUMBER
Edition number 14
Classification number 303.6
100 1# - MAIN ENTRY--PERSONAL NAME
9 (RLIN) 21462
Personal name Petruccelli, Ariel
245 10 - TITLE STATEMENT
Title Docentes y piqueteros :
Remainder of title de la huelga de ATEN a la pueblada de Cutral Có /
Statement of responsibility, etc Ariel Petruccelli.
260 ## - PUBLICATION, DISTRIBUTION, ETC. (IMPRINT)
Place of publication, distribution, etc Buenos Aires :
Name of publisher, distributor, etc El cielo por asalto,
Date of publication, distribution, etc 2005.
300 ## - PHYSICAL DESCRIPTION
Extent 200 p.
520 ## - SUMMARY, ETC.
Summary, etc En 1996, en Cutral Có, zona petrolera de la Patagonia, se produce una pueblada, que a pesar de la acción del gobierno provincial, que envía a la gendarmería, acaba imponiendo algunos de sus reclamos. En 1997 el sindicato de docentes de Neuquén, ATEN, inicia un plan de lucha reivindicativo. Luego dedos semanas de huelga y marchas, sin resultados, los docentes recurren al corte de rutas y aíslan la Norpatagonia. Desalojados violentamente, el conflicto continúa hasta que la misma ruta 22 vuelve a ser cortada en Cutral Co, combinándose así el conflicto sindical con la acción de los desocupados, que llevaría luego a una segunda pueblada, con la muerte de Teresa Rodríguez, hechos que dieron nacimiento a los modernos movimientos piqueteros. Petrucelli, en este trabajo, recorre minuciosa y críticamente el conflicto docente y la génesis de la segunda pueblada, abordando ambos fenómenos desde una triple mirada, militante, historiográfica y comunicacional
650 #0 - SUBJECT ADDED ENTRY--TOPICAL TERM
9 (RLIN) 12431
Topical term or geographic name as entry element CONDICIONES DE EMPLEO DEL DOCENTE
651 #0 - SUBJECT ADDED ENTRY--GEOGRAPHIC NAME
9 (RLIN) 21463
Geographic name CUTRAL CO(Neuquén)
653 ## - INDEX TERM--UNCONTROLLED
Uncontrolled term PIQUETEROS
942 ## - ADDED ENTRY ELEMENTS (KOHA)
Source of classification or shelving scheme Dewey Decimal Classification
Item type Libro, folleto, traducción
980 ## - EQUIVALENCE OR CROSS-REFERENCE-SERIES STATEMENT--PERSONAL NAME/TITLE [LOCAL, CANADA]
Linkage 2
Personal name Virginia Figueroa
Field link and sequence number 2
Miscellaneous information Virginia Figueroa
Holdings
Withdrawn status Lost status Source of classification or shelving scheme Damaged status Not for loan Home library Current library Date acquired Source of acquisition Full call number Barcode Date last seen Price effective from Koha item type
    Dewey Decimal Classification   Consultar Disponibilidad Biblioteca Central DEPOSITO 08/04/2025 Donación 303.6 PET UNAJ25040011 08/04/2025 08/04/2025 Libro, folleto, traducción

Lunes a Viernes 8:30 a 19:00 hs. Cerrado por mudanza
Av.Calchaqui 6200 Florencio Varela (CP188) 2°piso Edificio Mosconi Aula 209-210
Mail: bibliotecacentralunaj@gmail.com  
Whatsapp(54 9)1122668024    ❔Pregunte a la bibliotecaria
© Universidad Nacional Arturo Jauretche | Secretaría Académica | Biblioteca Central UNAJ